000 01116cam a2200265 4500
008 #DATE n2000 000 0 eng u
020 _a0712662596
035 _a(Sirsi) u122442
041 _aeng
050 _a332.014
_c18
100 _aBrett, Michael
245 _aHow to read the financial pages.
250 _a5th ed.
260 _aLondon
_bRandom House
_c2000
300 _a428p.
_c24cm.
350 _a15.99
520 _aFifth edition of this layman's guide to reading and understanding the financial press and the markets and events it covers. Explains many aspects of the financial world such as investment ratios, equities and the stock exchange, shares, bonds, money markets, euro markets, financial derivatives and commodities, insurance, and commercial property and market crashes. Includes internet sources and a comprehensive glossary of financial terms.
650 _aDEFINITIONS
650 _aFINANCIAL INFORMATION
650 _aFINANCIAL PAGES
650 _aFINANCIAL PRESS
650 _aINVESTMENT
690 _aMANAGEMENT-BUSINESS MANAGEMENT-FINANCIAL MANAGEMENT
942 _n0
999 _c102845
_d102845